000 00614nam a2200229 i 4500
001 C2-0234707
003 PPAK
005 20180727195056.0
008 010806s2001 my |||| ||||| | may d
020 _a983923661X
040 _aPPAK
_beng
_cPPAK
_erda
082 0 4 _a020.3
_223
090 0 0 _a020.3
_bGLO
_dR
245 0 0 _aGlosari multimedia
264 1 _aPetaling Jaya, Selangor :
_bPearson ,
_c2001
300 _avi, 209 pages ;
_c21 cm
336 _2rdacontent
_atext
337 _2rdamedia
_aunmediated
338 _2rdacarrier
_avolume
650 1 0 _aInformation technology - Dictionaries
942 _ddc
_cB
999 _c50921
_d50921